000
00281nam a22001217a 4500
082
_a
823
_b
FRA/G
100
_a
DIXON, FRANKLIN
245
_a
THE GROSS -GHOST MYSTERY
260
_a
NEW YORK
_b
POCKET BOOKS
_c
1997
300
_a
73
650
_a
ENGLISH STORY
_z
UNITED STATES
942
_c
BK
999
_c
7291
_d
7291